Algeria First Level Subdivisions - Statistics

General Stats
  • This quiz has been taken 382 times
    365 since last reset
  • The average score is 17 of 58
Answer Stats
Wilayas % Correct
Algiers
96%
Oran
63%
Constantine
53%
Adrar
48%
Annaba
38%
Sidi Bel Abbès
36%
Béchar
34%
Béjaïa
34%
El Oued
34%
In Salah
33%
Chlef
32%
Tindouf
32%
Batna
31%
Béni Abbès
31%
Bordj Bou Arréridj
31%
Illizi
31%
Bordj Badji Mokhtar
30%
Tlemcen
30%
Aïn Defla
29%
Biskra
29%
Blida
29%
Djelfa
29%
Ouargla
29%
Tamanghasset
29%
In Guezzam
27%
Aïn Témouchent
26%
Djanet
26%
El Bayadh
26%
Médéa
26%
Mostaganem
26%
Saïda
26%
Skikda
26%
Tiaret
26%
Jijel
25%
Mascara
25%
Tizi Ouzou
25%
Bouïra
24%
El Menia
24%
El M'Ghair
24%
Guelma
24%
Laghouat
24%
Sétif
24%
Timimoun
24%
Touggourt
24%
Boumerdès
23%
Ghardaïa
23%
Mila
23%
M'Sila
23%
Naâma
23%
Relizane
23%
Souk Ahras
23%
Tipaza
23%
Khenchela
22%
El Taref
21%
Tébessa
21%
Ouled Djellal
20%
Oum el-Bouaghi
20%
Tissemsilt
20%
No matching quizzes found
Score Distribution
Percent of People with Each Score
Percentile by Number Answered
Your Score History
You have not taken this quiz since the last reset